00710nam a2200205 a 450000100100000000500170001000800410002702000150006804000250008308200150010810000260012324500750014926001140022430000300033849000290036849000180039750000420041583000290045783000180048600001572720200929164131.0100217s1999 dr 000 0 spa d a999342207X aDO-SdBNPbspacBNPHU axxxbC766n1 aCampillo Celado, Rosa13aLa nacionalidad en la reforma constitucional /cRosa, Campillo Celado. aSanto Domingo :bComisión Presidencial para la Reforma y Modernización del EstadofEl Nuevo Diarioc1999. a83 p. :bretrs. ;c21 cm.1 aDebates constitucionales1 aConversatorio aConversatorio, 14 de octubre del 1999 0aDebates constitucionales 0aConversatorio